Aerodynamics & Flight Stability of Blended-Wing-Body Aircraft: (Record no. 594776)
[ view plain ]
| 000 -LEADER | |
|---|---|
| fixed length control field | 00582nam a22001817a 4500 |
| 003 - CONTROL NUMBER IDENTIFIER | |
| control field | NUST |
| 005 - DATE AND TIME OF LATEST TRANSACTION | |
| control field | 20230516154516.0 |
| 008 - FIXED-LENGTH DATA ELEMENTS--GENERAL INFORMATION | |
| fixed length control field | 230516b ||||| |||| 00| 0 eng d |
| 015 ## - NATIONAL BIBLIOGRAPHY NUMBER | |
| Qualifying information | Hard Cover. |
| 038 ## - RECORD CONTENT LICENSOR | |
| Staff Name | Noman |
| 082 ## - DEWEY DECIMAL CLASSIFICATION NUMBER | |
| Classification number | 004 |
| Author Mark | AHM |
| 100 ## - MAIN ENTRY--PERSONAL NAME | |
| Personal name | Tayyab Ahmed Malik. |
| 9 (RLIN) | 112391 |
| 245 ## - TITLE STATEMENT | |
| Title | Aerodynamics & Flight Stability of Blended-Wing-Body Aircraft: |
| Remainder of title | In-Ground Effects / |
| Statement of responsibility, etc. | Malik, Tayyab Ahmed |
| 260 ## - PUBLICATION, DISTRIBUTION, ETC. | |
| Place of publication, distribution, etc. | Islamabad: |
| Name of publisher, distributor, etc. | SINES-NUST, |
| Date of publication, distribution, etc. | April, 2023. |
| 300 ## - PHYSICAL DESCRIPTION | |
| Extent | 84 p. : |
| Other physical details | ill. ; |
| Dimensions | 35cm. |
| 600 ## - SUBJECT ADDED ENTRY--PERSONAL NAME | |
| General subdivision | MS-Computational Science and Engineering. |
| 9 (RLIN) | 112392 |
| 942 ## - ADDED ENTRY ELEMENTS (KOHA) | |
| Source of classification or shelving scheme | |
| Koha item type | Thesis |
| Withdrawn status | Lost status | Source of classification or shelving scheme | Damaged status | Not for loan | Permanent Location | Current Location | Shelving location | Date acquired | Total Checkouts | Full call number | Barcode | Date last seen | Price effective from | Koha item type |
|---|---|---|---|---|---|---|---|---|---|---|---|---|---|---|
| School of Interdisciplinary Engineering and Sciences (SINES) | School of Interdisciplinary Engineering and Sciences (SINES) | Thesis | 05/16/2023 | 004 AHM | RCMS003392 | 05/16/2023 | 05/16/2023 | Reference |
